000 00346 a2200157 4500
001 191621
020 _a978-85-16-06654-3
040 _cMagnum
100 _aGrimm, Wilhelm
240 1 0 _aJoão e maria
_lpor
245 1 0 _aJoão e maria
300 _a29
440 1 _aModerna
697 _aLITERATURA INFANTO-JUVENIL ESTRANGEIRA
942 _cBK
999 _c191621
_d191621